Cities by suburb: West Indies - Statistics

General Stats
  • This quiz has been taken 12 times
  • The average score is 6 of 12
Answer Stats
Hint Answer % Correct
Barbican, Cherry Gardens, Patrick City, Delacree Pen, Smokey Vale Kingston, Jamaica
100%
Success, Erthig, Mucurapo, Invader's Bay Port of Spain, Trinidad and Tobago
82%
Mount Friendship, Lazaretto, Rock Dundo, Bagatelle Terrace Bridgetown, Barbados
73%
Lower Gambles, Runaway Bay, Villa, Scotts Hill St John's, Antigua and Barbuda
73%
Mardigras, Parade, Springs, Mount Gay St George's, Grenada
64%
Morne Bruce, Goodwill, Yampiece Roseau, Dominica
55%
Monastery Park, Flamingo Gardens, Excellence Estates Nassau, Bahamas
45%
Baldrich, Eleanor Roosevelt, La Vista, Venus Gardens San Juan, Puerto Rico
45%
Halfway Pond, Snug Harbour, Coconut Village George Town, Cayman Islands
36%
Primavera, Simeon Antonio, Papaya Oranjestad, Aruba
27%
Mary's Fancy, Madame's Estate, Over the Pond Philipsburg, Saint-Martin
9%
Horse Path, Long Bush, Steep Hill Road Town, British Virgin Islands
9%
No matching quizzes found
Score Distribution
Percent of People with Each Score
Percentile by Number Answered
Your Score History
You have not taken this quiz